Kraje które mają kolor czerwony we fladze - Statystyki

Ogólne statystyki
  • Ten quiz został rozwiązany 927 razy
    706 od ostatniego zresetowania
  • Średni wynik to 68 z 151
Statystyki odpowiedzi
Państwo % Poprawnych
Polska
95%
Rosja
84%
Stany Zjednoczone
82%
Francja
77%
Chiny
76%
Kanada
76%
Hiszpania
75%
Wielka Brytania
75%
Norwegia
74%
Niemcy
73%
Japonia
71%
Portugalia
71%
Włochy
69%
Indonezja
68%
Monako
68%
Australia
67%
Meksyk
66%
Austria
65%
Belgia
65%
Turcja
65%
Białoruś
64%
Egipt
62%
Holandia
62%
Albania
61%
Czechy
61%
Dania
61%
Maroko
61%
Słowacja
61%
Andora
60%
Korea Północna
59%
Korea Południowa
59%
Litwa
59%
Łotwa
58%
Rumunia
58%
Nowa Zelandia
57%
Południowa Afryka
57%
Chorwacja
56%
Islandia
56%
Iran
55%
Szwajcaria
55%
Chile
54%
Irak
54%
Słowenia
54%
Mongolia
53%
Serbia
53%
Węgry
53%
Luksemburg
52%
Peru
52%
Bułgaria
51%
Armenia
50%
Demokratyczna Republika Konga
50%
Gruzja
50%
Kolumbia
50%
Liechtenstein
50%
Malta
50%
Mołdawia
50%
Wietnam
49%
Azerbejdżan
48%
Czarnogóra
48%
Kuba
48%
Tunezja
48%
Algieria
47%
Angola
46%
Jemen
46%
Kongo
46%
Macedonia Północna
46%
Tajlandia
46%
Libia
45%
Oman
45%
Czad
44%
Ekwador
44%
Wenezuela
44%
Zjednoczone Emiraty Arabskie
44%
Kirgistan
43%
Sudan
43%
Boliwia
42%
Syria
42%
Bangladesz
41%
Gwinea
41%
Dominika
40%
Etiopia
40%
Laos
40%
Madagaskar
40%
Malezja
40%
Nepal
40%
Panama
40%
Filipiny
39%
Paragwaj
39%
Jordania
38%
Kenia
38%
Liban
38%
Mali
38%
Bahrajn
37%
Kambodża
37%
Singapur
37%
Zambia
37%
Dominikana
36%
Tadżykistan
36%
Turkmenistan
36%
Fidżi
35%
Gwinea Równikowa
35%
Kostaryka
35%
Papua-Nowa Gwinea
35%
Sudan Południowy
35%
Zimbabwe
35%
Gujana
34%
Haiti
34%
Kuwejt
34%
Malediwy
34%
Seszele
34%
Belize
33%
Gwinea Bissau
33%
Liberia
33%
Antigua i Barbuda
32%
Erytrea
32%
Ghana
32%
Kamerun
32%
Mauretania
32%
Mozambik
32%
Senegal
32%
Togo
32%
Watykan
32%
Surinam
31%
Birma
30%
Uganda
30%
Republika Środkowoafrykańska
29%
Uzbekistan
29%
Gambia
28%
Tonga
28%
Benin
27%
Brunei
27%
Eswatini
27%
Mauritius
27%
Namibia
27%
Trynidad i Tobago
27%
Burundi
26%
Kiribati
26%
Republika Zielonego Przylądka
26%
Timor Wschodni
26%
Vanuatu
26%
Wyspy Świętego Tomasza i Książęca
26%
Burkina Faso
25%
Samoa
25%
Tuvalu
25%
Dżibuti
24%
Grenada
24%
Komory
24%
Saint Kitts i Nevis
24%
Malawi
22%
Salwador
20%
Nikaragua
18%
Nie znaleziono quizów pasujących do podanych kryteriów
Rozkład punktacji
Procent ludzi z każdym wynikiem
Percentyl według liczby udzielonych odpowiedzi
Twoja historia wyników
Nie rozwiązałeś tego quizu od ostatniego zresetowania